AEW Double or Nothing 2023 Card - Statistics

General Stats
  • This quiz has been taken 34 times
  • The average score is 31 of 38
Answer Stats
Answer % Correct
MJF
100%
Darby Allin
96%
Kenny Omega
96%
Malakai Black
96%
Matt Jackson
96%
Nick Jackson
96%
Sammy Guevara
96%
Billy Gunn
93%
Brody King
93%
Bryan Danielson
93%
Buddy Matthews
93%
Chris Jericho
93%
Claudio Castagnoli
93%
Jon Moxley
93%
Max Caster
93%
Toni Storm
93%
Wheeler Yuta
93%
Adam Page
89%
Anthony Bowens
89%
Cash Wheeler
89%
Dax Harwood
89%
Jack Perry
89%
Kris Statlander
89%
Jade Cargill
85%
Orange Cassidy
85%
Christian Cage
81%
Adam Cole
78%
Wardlow
74%
Jamie Hayter
70%
Austin Gunn
56%
Colten Gunn
56%
Jay Lethal
56%
Ethan Page
52%
Jeff Jarrett
52%
Taya Valkyrie
52%
Hook
48%
Jeff Hardy
41%
Matt Hardy
41%
No matching quizzes found
Score Distribution
Percent of People with Each Score
Percentile by Number Answered
Your Score History
You have not taken this quiz